000 00504nam a22001577a 4500
999 _c524642
_d524642
003 NUST
038 _aMr. Zahoor
082 _a621.3
100 _aMuhammad Abdullah Adnan Farooqi
_915445
245 _aEnergy Consumption Comparison for Different Configuration of Unmanned Aerial Vehicles /
_cMuhammad Abdullah Adnan Farooqi
260 _aIslamabad :
_bCEME - NUST,
_c2014.
300 _axiii, 95 p. : ill, ;
500 _aHardcover.
600 _2Electrical Engineering - MS Thesis
942 _2ddc
_cTHE